000
00221 a2200109 4500
020
_a
978-1-338-09918-8
041
_a
spa
100
_a
andrede,giles
245
_a
las jirafas no pueden bailar
942
_c
BK
952
_7
1
999
_c
18124
_d
18124